study on management at koh tada sachang waterfall natural tourism resort in makprang commune, teuk chhou district, kampot province ,សិក្សាពីការគ្រប់គ្រង់តំបន់រមណីយដ្ឋានទេសចរណ៍ធម្មជាតិទិកធ្លាក់ កោះតាជាសច្ចំ ស្ថិតនៅឃុំម៉ាក់ប្រាង្គ ស្រុកទឹកឈូ ខេត្តកំពត (Record no. 19243)

000 -LEADER
fixed length control field 00843nam a22001337a 4500
040 ## - CATALOGING SOURCE
Transcribing agency RUA
082 ## - DEWEY DECIMAL CLASSIFICATION NUMBER
Classification number FOR KAO 2017 B544 Or.1
100 ## - MAIN ENTRY--AUTHOR NAME
Personal name KAO KAKVEY,កៅ កវី
245 ## - TITLE STATEMENT
Title study on management at koh tada sachang waterfall natural tourism resort in makprang commune, teuk chhou district, kampot province ,សិក្សាពីការគ្រប់គ្រង់តំបន់រមណីយដ្ឋានទេសចរណ៍ធម្មជាតិទិកធ្លាក់ កោះតាជាសច្ចំ ស្ថិតនៅឃុំម៉ាក់ប្រាង្គ ស្រុកទឹកឈូ ខេត្តកំពត
260 ## - PUBLICATION, DISTRIBUTION, ETC. (IMPRINT)
Place of publication RUA
Name of publisher phnom penh
Year of publication RUA
300 ## - PHYSICAL DESCRIPTION
Number of Pages ix;41p;
Other physical details ill;
Dimensions 29cm;
856 ## - ELECTRONIC LOCATION AND ACCESS
Uniform Resource Identifier https://drive.google.com/file/d/154Gf3lJxMvPEBQlv1dyp61vTnDEQyQil/view?usp=sharing
942 ## - ADDED ENTRY ELEMENTS (KOHA)
Koha item type FOR
952 ## - LOCATION AND ITEM INFORMATION (KOHA)
Withdrawn status [LOCAL, KOHA] 0
952 ## - LOCATION AND ITEM INFORMATION (KOHA)
Withdrawn status [LOCAL, KOHA] 0
952 ## - LOCATION AND ITEM INFORMATION (KOHA)
Withdrawn status [LOCAL, KOHA] 0
952 ## - LOCATION AND ITEM INFORMATION (KOHA)
Withdrawn status [LOCAL, KOHA] 0
952 ## - LOCATION AND ITEM INFORMATION (KOHA)
Withdrawn status [LOCAL, KOHA] 0
952 ## - LOCATION AND ITEM INFORMATION (KOHA)
Withdrawn status [LOCAL, KOHA] 0
Holdings
Permanent Location Date acquired Koha item type Lost status Shelving location Barcode Current Location Full call number
Library Block B2020-07-08FOR B544A063402Library Block BFOR KAO 2017 B544 Or.1
Library Block B2020-07-08FOR B544A063450Library Block BFOR KAO 2017 B544 Or.2
Library Block B2020-07-08FOR B544A063270Library Block BFOR KAO 2017 B544 Or.3
Library Block B2020-07-08FOR B544A063226Library Block BFOR KAO 2017 B544 Or.3
Library Block B2020-07-08FOR B544A064248Library Block BFOR KAO 2017 B544 Or.5
Library Block B2020-07-08FOR B544A063928Library Block BFOR KAO 2017 B544 Or.6
មជ្ឈមណ្ឌលឯការនៃសាកលវិទ្យាល័យភូមិន្ទកសិកម្មចំការដូង

Powered by Koha